Countries Mentioned in the Wikipedia Page of the Netherlands - Statistics

General Stats
  • This quiz has been taken 2,500 times
  • The average score is 28 of 40
Answer Stats
Frequency Context Country % Correct
17 Shares a land border with ... Belgium
99%
16 Shares a land border with ... Germany
99%
18 The Caribbean Netherlands have maritime borders with ... France
97%
4 Shares maritime borders with ... United Kingdom
97%
8 As of 2020, the key trading partners of the Netherlands were ... United States
96%
4 There are sizeable populations of Hindu immigrants from ... India
94%
7 ... which expressed their loyalty to Philip II of ... Spain
94%
10 In Asia, the Dutch established the Dutch East indies (now ... Indonesia
93%
6 The region called the Low Countries (comprising ... Luxembourg
92%
2 As of 2020, the key trading partners of the Netherlands were ... China
87%
3 In ... , the Dutch settled the Cape Colony in 1652 South Africa
87%
2 The Netherlands and ... ranked as the most bike-friendly countries in Europe Denmark
86%
5 Colonies in South America were established in the fertile ... plains, among them Colony of ... Suriname
86%
2 It held a province in ... after the defeat of Saddam Hussein Iraq
85%
3 In Asia, the Dutch established the only western trading post in ... Japan
81%
2 Rhine providing excellent access to the hinterland upstream reaching to Basel, ... Switzerland
81%
2 Descendants of Dutch people, are found in migrant communities worldwide, notably in ... Canada
80%
2 ... in relation to other Habsburg possessions like ... Austria
79%
3 As of 2020, the key trading partners of the Netherlands were ... Italy
73%
1 As of 2020, the key trading partners of the Netherlands were ... Russia
73%
1 Van Hoytema went to the National Film School in Łódź ( ... ) Poland
72%
1 ... the Dutch Empire grew to become one of the major seafaring and economic powers, alongside ... Portugal
72%
2 Established their base in parts of Ceylon (modern-day ... Sri Lanka
68%
2 Descendants of Dutch people, are found in migrant communities worldwide, notably in ... Australia
66%
1 It is the 5th most densely populated country in Europe, after ... Monaco
66%
1 Large numbers of migrant workers from ... Turkey
66%
1 Muslim refugees arrived from countries like ... Iran
61%
3 PvdA refused to prolong the involvement of the Dutch Army in Uruzgan, ... Afghanistan
60%
1 It is the 5th most densely populated country in Europe, after ... Vatican City
60%
1 Colonies in South America were established in the fertile ... plains Guyana
56%
1 It is the 5th most densely populated country in Europe, after ... San Marino
55%
1 ... in relation to other Habsburg possessions like ... Hungary
48%
2 They played their first One Day International match in 1996 against ... New Zealand
46%
1 The Caribbean Netherlands have maritime borders with ... Venezuela
46%
1 Large numbers of migrant workers from ... Morocco
42%
1 It is the 5th most densely populated country in Europe, after ... Malta
40%
1 ... established colonies and trading posts all over the world, including ruling the western parts of ... Taiwan
26%
1 Muslim refugees arrived from countries like ... Somalia
19%
1 Muslim refugees arrived from countries like ... Bosnia and Herzegovina
18%
1 Since the 1990s the Dutch army has been involved in the ... War Kosovo
17%
No matching quizzes found
Score Distribution
Percent of People with Each Score
Percentile by Number Answered
Your Score History
You have not taken this quiz